Capitales sans lettre A dans leurs noms - Statistiques

Statistiques générales
  • Ce quiz a été pris 885 fois
  • Le résultat moyen est 32 sur 52
Statistiques - réponses
Capitale sans A % Correct
Lisbonne
86%
Oslo
86%
Pékin
85%
Tokyo
85%
Londres
84%
Moscou
84%
Berlin
83%
Berne
81%
Rome
81%
Dublin
80%
Mexico
80%
Tunis
80%
Bruxelles
79%
Helsinki
79%
Stockholm
79%
Kiev
74%
Vilnius
72%
Luxembourg
71%
Minsk
71%
Seoul
69%
New Delhi
68%
Vienne
67%
Wellington
67%
Quito
63%
Lomé
60%
Montevideo
59%
Tripoli
58%
Beyrouth
56%
Kingston
56%
Kingstown
56%
Skopje
54%
Nicosie
52%
Djibouti
51%
Koweït
51%
Tbilissi
51%
Bichkek
50%
Dili
50%
Freetown
49%
Georgetown
48%
Porto-Novo
48%
Libreville
47%
Port Louis
46%
Phnom Penh
45%
Windhoek
45%
Port Moresby
44%
Moroni
41%
Bridgetown
38%
Lilongwe
38%
Sucre
38%
Thimphou
36%
Ngerulmud
22%
Bloemfontein
21%
Aucun quiz correspondant
Distribution des résultats
% des personnes avec chaque résultat
Percentile par nombre de réponses
Votre historique - résultats
Vous n’avez pas pris ce quiz